Bóng đá thiếu niên Dành cho huấn luyện viên và cầu thủ trẻ

Những điều kiện và nguyên tắc tổ chức bóng đá thiếu nhi; nguyên tắc cơ bản của sự phối hợp hành động giữa các cầu thủ và nguyên tắc chơi của họ trên sân; các kỹ thuật bóng đá cơ bản; sách dùng cho các huấn luyện viên và các cầu thủ mới tập...

Descrizione completa

Salvato in:
Dettagli Bibliografici
Autore principale: Giamen, Gion
Altri autori: Trần Duy Ly (Dịch)
Natura: Libro
Lingua:Vietnamese
Pubblicazione: H Thể dục thể thao 1994
Edizione:In lần thứ 2 có sửa chữa
Soggetti:
Tags: Aggiungi Tag
Nessun Tag, puoi essere il primo ad aggiungerne! !
Thư viện lưu trữ: Mạng thư viện Đại học Đà Nẵng
LEADER 01458nam a2200337 4500
001 000009468
003 5665
005 20111027151059.0
008 111027s1994 viesd
041 0 |a vie 
082 |a 796.33462  |b GI-G 
100 0 |a Giamen, Gion 
245 0 |a Bóng đá thiếu niên  |b Dành cho huấn luyện viên và cầu thủ trẻ  |c Gion Giamen; Người dịch: Trần Duy Ly 
250 |a In lần thứ 2 có sửa chữa 
260 |a H  |b Thể dục thể thao  |c 1994 
300 |a 74tr.  |c 19 cm 
520 |a Những điều kiện và nguyên tắc tổ chức bóng đá thiếu nhi; nguyên tắc cơ bản của sự phối hợp hành động giữa các cầu thủ và nguyên tắc chơi của họ trên sân; các kỹ thuật bóng đá cơ bản; sách dùng cho các huấn luyện viên và các cầu thủ mới tập 
650 |a thiếu niên 
653 |a Bóng đá 
700 |a Trần Duy Ly  |e Dịch 
910 |a Võ Quang Huy  |d 27/102011 
OWN |a LSP 
AVA |a UDN50  |b LSP  |d 796.33462 GI-G  |e available  |t Error 5001 Not defined in file expand_doc_bib_avail.  |f 4  |g 2  |h N  |i 0  |k 1 
999 |a From the UDN01 
AVA |a UDN50  |b LSP  |d 796.33462 GI-G  |e available  |t Error 5001 Not defined in file expand_doc_bib_avail.  |f 4  |g 2  |h N  |i 0  |k 1 
TYP |a Monograph 
TYP |a Printed language 
980 |a Mạng thư viện Đại học Đà Nẵng